Cone beam computed tomography : (Record no. 21338)
[ view plain ]
| 000 -LEADER | |
|---|---|
| fixed length control field | 01201cam a22003258a 4500 |
| 001 - CONTROL NUMBER | |
| control field | 016863834 |
| 003 - CONTROL NUMBER IDENTIFIER | |
| control field | OSt |
| 005 - DATE AND TIME OF LATEST TRANSACTION | |
| control field | 20160308125331.0 |
| 008 - FIXED-LENGTH DATA ELEMENTS--GENERAL INFORMATION | |
| fixed length control field | 140901s2014 paua frb 001 0 eng d |
| 020 ## - INTERNATIONAL STANDARD BOOK NUMBER | |
| International Standard Book Number | 9780323311618 (hbk.) |
| 040 ## - CATALOGING SOURCE | |
| Original cataloging agency | StDuBDS |
| Language of cataloging | eng |
| Transcribing agency | StDuBDS |
| Modifying agency | EG-ScBUE |
| 082 04 - DEWEY DECIMAL CLASSIFICATION NUMBER | |
| Classification number | 616.075722 |
| Item number | CON |
| Edition number | 22 |
| 245 00 - TITLE STATEMENT | |
| Title | Cone beam computed tomography : |
| Remainder of title | from capture to reporting / |
| Statement of responsibility, etc | editors Dale A. Miles, Robert A. Danforth. |
| 246 34 - VARYING FORM OF TITLE | |
| Title proper/short title | Clinics review articles |
| 260 ## - PUBLICATION, DISTRIBUTION, ETC. (IMPRINT) | |
| Place of publication, distribution, etc | Philadelphia : |
| Name of publisher, distributor, etc | Elsevier, |
| Date of publication, distribution, etc | 2014. |
| 300 ## - PHYSICAL DESCRIPTION | |
| Extent | x, p. 463-716 : |
| Other physical details | ill. (some col.) ; |
| Dimensions | 23 cm. |
| 490 0# - Series Statement | |
| Series statement | Dental clinics of North America, |
| International Standard Serial Number | 00118532 ; |
| Volume/sequential designation | v. 58, no. 3 |
| 500 ## - GENERAL NOTE | |
| General note | Index : p. [711]-716. |
| 500 ## - GENERAL NOTE | |
| General note | "Clinics review articles"--Cover |
| 504 ## - BIBLIOGRAPHY, ETC. NOTE | |
| Bibliography, etc | Includes bibliographical references. |
| 520 ## - SUMMARY, ETC. | |
| Summary, etc | Articles examine cone beam CT imaging, its clinical applications, and risks and liabilities associated with its use. |
| 650 #0 - SUBJECT ADDED ENTRY--TOPICAL TERM | |
| Topical term or geographic name as entry element | Tomography. |
| Source of heading or term | BUEsh |
| 9 (RLIN) | 7338 |
| 650 #0 - SUBJECT ADDED ENTRY--TOPICAL TERM | |
| Topical term or geographic name as entry element | Jaws |
| General subdivision | Tomography. |
| Source of heading or term | BUEsh |
| 650 #0 - SUBJECT ADDED ENTRY--TOPICAL TERM | |
| Topical term or geographic name as entry element | Mouth |
| General subdivision | Tomography. |
| Source of heading or term | BUEsh |
| 651 ## - SUBJECT ADDED ENTRY--GEOGRAPHIC NAME | |
| Source of heading or term | BUEsh |
| 653 ## - INDEX TERM--UNCONTROLLED | |
| Resource For college | |
| Arrived date list | March2016 |
| 700 1# - ADDED ENTRY--PERSONAL NAME | |
| Personal name | Miles, Dale A., |
| Relator term | editor. |
| 700 1# - ADDED ENTRY--PERSONAL NAME | |
| Personal name | Danforth, Robert A., |
| Relator term | editor. |
| 942 ## - ADDED ENTRY ELEMENTS (KOHA) | |
| Source of classification or shelving scheme | Dewey Decimal Classification |
| Withdrawn status | Item status | Source of classification or shelving scheme | Damaged status | Not for loan | Vendor | Home library | Current library | Shelving location | Date acquired | Source of acquisition | Cost, normal purchase price | Serial Enumeration / chronology | Total Checkouts | Full call number | Barcode | Date last seen | Cost, replacement price | Koha item type |
|---|---|---|---|---|---|---|---|---|---|---|---|---|---|---|---|---|---|---|
| Dewey Decimal Classification | Central Library | Central Library | First floor | 08/03/2016 | Purchase | 890.00 | 583 | 616.075722 CON | 000031883 | 15/07/2025 | 1113.00 | Book - Borrowing |